| Record ID | marc_loc_2016/BooksAll.2016.part31.utf8:202634018:831 |
| Source | Library of Congress |
| Download Link | /show-records/marc_loc_2016/BooksAll.2016.part31.utf8:202634018:831?format=raw |
LEADER: 00831cam a2200277 a 4500
001 2004110962
003 DLC
005 20150501075800.0
008 040727s2005 nyua b 001|0 eng c
010 $a 2004110962
020 $a0500930066
035 $a(CStRLIN)UTBG05-B10272
035 $a(RLIN)UTBG05-B10272
040 $aDNGA$cDNGA$dUPB$dDLC
042 $apcc
050 00 $aNX456.5.P38$bH64 2005
082 00 $a709/.04/9$222
100 1 $aHoffmann, Jens,$d1974-
245 10 $aPerform /$cJens Hoffmann and Joan Jonas.
260 $aNew York :$bThames & Hudson,$c2005.
300 $a208 p. :$bill. (chiefly col.) ;$c22 cm.
440 0 $aArt works
500 $a"With 329 illustrations, 278 in color"
504 $aIncludes bibliographical references (p. 203) and index.
650 0 $aPerformance art.
700 1 $aJonas, Joan,$d1936-